Stratigraphy and structure of a portion of the Castleton quadrangle, Vermont. (Record no. 29898)
[ view plain ]
| 000 -LEADER | |
|---|---|
| fixed length control field | 00910cam a22002651 4500 |
| 001 - CONTROL NUMBER | |
| control field | gs 64000329 |
| 003 - CONTROL NUMBER IDENTIFIER | |
| control field | DLC |
| 005 - DATE AND TIME OF LATEST TRANSACTION | |
| control field | 20260227111415.0 |
| 008 - FIXED-LENGTH DATA ELEMENTS--GENERAL INFORMATION | |
| fixed length control field | 760622s1964 xx 000 0 eng |
| 010 ## - LIBRARY OF CONGRESS CONTROL NUMBER | |
| LC control number | gs 64000329 |
| 035 ## - SYSTEM CONTROL NUMBER | |
| System control number | (OCoLC)2272951 |
| 040 ## - CATALOGING SOURCE | |
| Original cataloging agency | DLC |
| Transcribing agency | MeU-P |
| Modifying agency | DLC |
| 042 ## - AUTHENTICATION CODE | |
| Authentication code | premarc |
| 050 00 - LIBRARY OF CONGRESS CALL NUMBER | |
| Classification number | QE171 |
| Item number | .A3 no. 25 |
| 100 1# - MAIN ENTRY--PERSONAL NAME | |
| Personal name | Zen, E-an, |
| Dates associated with a name | 1928- |
| 245 10 - TITLE STATEMENT | |
| Title | Stratigraphy and structure of a portion of the Castleton quadrangle, Vermont. |
| 260 ## - PUBLICATION, DISTRIBUTION, ETC. | |
| Place of publication, distribution, etc. | Montpelier, |
| Name of publisher, distributor, etc. | Vermont Development Dept., |
| Date of publication, distribution, etc. | 1964. |
| 300 ## - PHYSICAL DESCRIPTION | |
| Extent | 70 p. |
| Other physical details | maps (1 col.) diagrs. (1 col.) |
| Dimensions | 23 cm. |
| 490 1# - SERIES STATEMENT | |
| Series statement | Vermont. Geological Survey. Bulletin |
| Volume/sequential designation | no. 25 |
| 500 ## - GENERAL NOTE | |
| General note | Part of illustrative matter fold. in pocket. |
| 504 ## - BIBLIOGRAPHY, ETC. NOTE | |
| Bibliography, etc. note | Bibliography: p. 68-70. |
| 650 #0 - SUBJECT ADDED ENTRY--TOPICAL TERM | |
| Topical term or geographic name entry element | Geology |
| Geographic subdivision | Vermont |
| -- | Castleton quadrangle. |
| 740 0# - ADDED ENTRY--UNCONTROLLED RELATED/ANALYTICAL TITLE | |
| Uncontrolled related/analytical title | Castleton quadrangle, Vermont. |
| 810 1# - SERIES ADDED ENTRY--CORPORATE NAME | |
| Corporate name or jurisdiction name as entry element | Vermont. |
| Subordinate unit | State Geologist. |
| Title of a work | Bulletin ; |
| Volume/sequential designation | no. 25. |
No items available.